Carregant...

Kaag ke bhag bade sajni/

Dades bibliogràfiques
Autor principal: Shivcharan Visvakarma
Format: Printed Book
Publicat: Delhi: Shilpayan, 2008.
LEADER 00356 a2200109 4500
100 |a Shivcharan Visvakarma 
245 |a Kaag ke bhag bade sajni/  |c Shivcharan Visvakarma 
260 |a Delhi:  |b Shilpayan,  |c 2008. 
300 |a 48p. 
942 |2 ddc  |c BK 
999 |c 242437  |d 242437 
952 |0 0  |1 0  |4 0  |7 0  |9 268958  |a HIN  |b HIN  |c ST1  |d 2012-01-10  |i 22338  |l 0  |p HIN22338  |r 2014-02-07  |w 2014-02-07  |y BK